| 000 | 00357cam a2200145ua 4500 | ||
|---|---|---|---|
| 999 |
_c14848 _d14848 |
||
| 020 | _a9788121928229 | ||
| 020 | _a9788121928222 | ||
| 082 |
_a624.17 _bKHU/ST |
||
| 100 |
_aKhurmi, R. S. _92076 |
||
| 245 | _aStrength of Materials: (Mechanics of Solids) | ||
| 250 | _a24 | ||
| 260 |
_aNew Delhi : _bS.Chand and Co , _c2016 |
||
| 300 | _a924p | ||
| 942 | _cBK | ||